| 000 | 01056nam a2200277Ia 4500 | ||
|---|---|---|---|
| 003 | OSt | ||
| 005 | 20220918110921.0 | ||
| 006 | a|||||r|||| 00| 0 | ||
| 007 | ta | ||
| 008 | 220915b |||||||| |||| 00| 0 hin d | ||
| 020 |
_a818812527X (hbk) _c280 |
||
| 024 | _a8,686 | ||
| 037 |
_b23060, 16/08/2013, Kitab Ghar _cReference Collections |
||
| 040 |
_aARTS _cARTS _bhin |
||
| 041 |
_2hin _ahin |
||
| 082 | _aO152:(T4:5,1), Q0(RR) | ||
| 100 |
_aटण्डन, पूरनचन्द _91722 |
||
| 245 | 0 | _aवस्तुनिष्ठ हिन्दी | |
| 246 | _aVastuniṣhṭha hindī | ||
| 260 |
_aनई दिल्ली _bजगतराम एण्ड संस भारत _c2010 |
||
| 300 | _a304पृ0 | ||
| 650 | _aहिन्दी साहित्य | ||
| 700 | _a शर्मा, मुनीश | ||
| 942 |
_hO152:(T4:5,1), Q0(RR) _cREF |
||
| 999 |
_c115718 _d115718 |
||